CLARKS PUBLISHING AGREEMENTS: A BOOK OF PRECEDENTS (Record no. 7831)

MARC details
000 -LEADER
fixed length control field 00425nam a22001697a 4500
005 - DATE AND TIME OF LATEST TRANSACTION
control field 20210904142704.0
008 - FIXED-LENGTH DATA ELEMENTS--GENERAL INFORMATION
fixed length control field 210823b ||||| |||| 00| 0 eng d
020 ## - INTERNATIONAL STANDARD BOOK NUMBER
ISBN 0406939160
041 ## - LANGUAGE CODE
Language code of text/sound track or separate title eng
082 ## - DEWEY DECIMAL CLASSIFICATION NUMBER
Classification number 070.520
100 ## - MAIN ENTRY--AUTHOR NAME
Personal name OWEN, LYNETTE
245 ## - TITLE STATEMENT
Title CLARKS PUBLISHING AGREEMENTS: A BOOK OF PRECEDENTS
260 ## - PUBLICATION, DISTRIBUTION, ETC. (IMPRINT)
Place of publication LEXIS NEXIS
Name of publisher BUTTER WORTHS
Year of publication 2002
300 ## - PHYSICAL DESCRIPTION
Number of Pages 615;p
650 ## - SUBJECT ADDED ENTRY--TOPICAL TERM
Topical Term LAW
942 ## - ADDED ENTRY ELEMENTS (KOHA)
Koha item type Books
Holdings
Lost status Damaged status Collection code Home library Current library Shelving location Date acquired Source of acquisition Full call number Accession Number Koha item type
    LAW JRU Library JRU Library SHELF-30-D 23/08/2021 PURCESS 070.520 25855 Books